Представление документа в формате MARC21

Поле Инд. ПП Название Значение
Тип записи a
Библиографический уровень b
001 Контрольный номер 7304fc2b91ee4041ba58c22051fdc491
005 Дата корректировки 20251121165800.0
008 Кодируемые данные 20140826
040 b Код языка каталог. rus
e Правила каталог. PSBO
041 0_ a Код языка текста rus
084 a Индекс другой классификации/Индекс ББК 74.247.1
100 1_ a Автор Кобзева Н. И.
q Полное имя Кобзева Наталья Ивановна
100 1_ a Автор Казакова О. Н.
q Полное имя Казакова Ольга Николаевна
100 1_ a Автор Кобзева М. А.
q Полное имя Кобзева Мария Алексеевна
245 10 a Заглавие Практика становления и развития довузовского образования (на примере Оренбургского государственного университета)
500 a Примечание Электронная версия статьи: https://doi.org/10.30853/pedagogy.2018.4.1
504 a Библиография Лит. в конце статьи
650 14 a Основная рубрика образование; общее образование (школьное образование); общеобразовательная школа
653 1_ a Ключевые слова высшее учебное заведение (вуз)
a Ключевые слова довузовское образование
a Ключевые слова кластерный подход
a Ключевые слова научно-методические знания
a Ключевые слова образовательные инновации
a Ключевые слова общее образование (школьное образование)
a Ключевые слова Оренбург
a Ключевые слова Оренбургский государственный университет
a Ключевые слова профессиональная ориентация (профориентация)
a Ключевые слова профильные классы
a Ключевые слова психолого-педагогическое сопровождение
a Ключевые слова развитие личности
a Ключевые слова регионы России
a Ключевые слова Россия
a Ключевые слова тьюторство
a Ключевые слова университет
a Ключевые слова филиалы кафедр
a Ключевые слова школа
773 08 t Заглавие источника Педагогика. Вопросы теории и практики
d Дата издания источника 2018
g Прочая информация № 4. - С. 5 - 11
w Контрольный № источника DU/602701126
901 t Тип документа b